| 000 | 00438nam a22001457a 4500 | ||
|---|---|---|---|
| 008 | 230525b |||||||| |||| 00| 0 eng d | ||
| 040 |
_aNational Science Library _cNational Science Library |
||
| 080 |
_aR 5/6(058) _bQ1 |
||
| 245 |
_aMcGraw-Hill yearbook of science and technology 2011 _c |
||
| 260 |
_aNew York: _bMcGraw-Hill, _c2011 |
||
| 300 | _a738p. | ||
| 650 | _aScience | ||
| 653 | _aScience and technology | ||
| 942 |
_2udc _cENC |
||
| 999 |
_c47388 _d47388 |
||